| 000 | 00524nam a22001817a 4500 | ||
|---|---|---|---|
| 003 | OSt | ||
| 005 | 20140310182534.0 | ||
| 008 | 130927t xxu||||| |||| 00| 0 eng d | ||
| 020 | _a9789715846257 | ||
| 050 |
_aQH 332 _b.T583 2007 |
||
| 100 |
_aTimbreza, Florentino T. _98673 |
||
| 245 |
_aBioethics and Moral Decisions / _cFlorentino T. Timbreza. |
||
| 260 |
_aQuezon City : _bC & E Publishing, Inc. _cc2007. |
||
| 300 |
_axvii. 306 p. : _c22 cm. |
||
| 651 |
_aBioethics. _921882 |
||
| 942 |
_2lcc _cSSLC |
||
| 999 |
_c14169 _d14169 |
||